Đề bài và hướng dẫn giải bài tập lớn sức bền vật liệu cơ học kết cấu

Tài liệu dành cho môn Sức bền vật liệu và Cơ học kết cấu, về các bài tập lớn và hướng dẫn giải trong chương trình đào tạo của hai học phần trên.

Gorde:
Xehetasun bibliografikoak
Egile nagusia: Lều, Mộc Lan
Formatua: Liburua
Hizkuntza:Undetermined
Argitaratua: Hà Nội Xây Dựng 2010
Gaiak:
Etiketak: Etiketa erantsi
Etiketarik gabe, Izan zaitez lehena erregistro honi etiketa jartzen!
Thư viện lưu trữ: Trung tâm Học liệu Trường Đại học Cần Thơ
LEADER 01068nam a2200205Ia 4500
001 CTU_168533
008 210402s9999 xx 000 0 und d
020 |c 30000 
082 |a 620.112076 
082 |b L105 
100 |a Lều, Mộc Lan 
245 0 |a Đề bài và hướng dẫn giải bài tập lớn sức bền vật liệu cơ học kết cấu 
245 0 |c Lều Mộc Lan, Nguyễn Vũ Việt Nga 
260 |a Hà Nội 
260 |b Xây Dựng 
260 |c 2010 
520 |a Tài liệu dành cho môn Sức bền vật liệu và Cơ học kết cấu, về các bài tập lớn và hướng dẫn giải trong chương trình đào tạo của hai học phần trên. 
650 |a Strength of materials,Structural analysis ( engineering ),Mechanics,Sức bền vật liệu,Cơ học kết cấu,Phân tích cấu trúc (kỹ thuật) 
904 |i Ánh Vân, Bạch Trúc 
980 |a Trung tâm Học liệu Trường Đại học Cần Thơ